000 01166nam a2200349 a 4500
001 53780
003 FlNmELB
005 20241216232513.0
006 m o d |
007 cr cn|||||||||
008 201101r2001 sp |||||s|||||||||||spa d
020 _z9788485498895
035 _a(MiAaPQ)EBC3190178
035 _a(Au-PeEL)EBL3190178
035 _a(CaPaEBR)ebr10406020
035 _a(OCoLC)929027348
040 _aFlNmELB
_bspa
_cFlNmELB
050 4 _aPQ7614
_bM535 2001
080 _a821.134.2(82)
082 0 4 _a860
_222
100 1 _aMenassa, Miguel Óscar.
245 1 0 _aMonólogo entre la vaca y el moribundo
_h[recurso electronico] /
_cMiguel Oscar Menassa.
260 _aMadrid :
_bGrupo Cero,
_c2001.
300 _a111 p.
440 0 _aNarrativa 2001
533 _aRecurso electrónico. Santa Fe, Arg.: e-libro, 2015. Disponible vía World Wide Web. El acceso puede estar limitado para las bibliotecas afiliadas a e-libro.
650 0 _aLiteratura
_zArgentina.
650 0 _aArgentine literature.
655 4 _aLibros electrónicos.
710 2 _ae-libro, Corp.
856 4 0 _uhttps://elibro.net/ereader/politecnicointernacional/55381
999 _c53780
_d53780